000 00977nam a22002537a 4500
999 _c64623
_d64623
005 20240530110741.0
008 180926s2018 ua afhkf b 000 0 ara d
017 _a2017/16682
_bمصر. دار الكتب
020 _a9789777357234
040 _aEG-CaGPL
_cEG-CaGPL
082 0 4 _221
_a962.32 /
_bق/ح م
100 0 _aحسن محمد نور عبدالنور
245 1 0 _aمدينة اسنا واثارها فى العصور الاسلامية /
_cتاليف حسن محمد نور عبدالنور
250 _aط.1
260 _aالاسكندرية :
_bدار الوفاء لدنيا الطباعة و النشر ،
_c2018.
300 _a255 ص. :
_bايض ؛
_c24 سم.
490 0 _aاثار.
504 _aيشتمل على ارجاعات ببليوجرافية
650 0 7 _2qrmak
651 0 7 _2qrmak
_aاسنا ( مصر )
_xتاريخ
651 0 7 _2qrmak
_aاسنا ( مصر )
_xاثار
942 _2ddc
_cBK